[Event "SN-2015-0-00672"]
[Site "LSS email"]
[Date "2015.04.09"]
[Round "?"]
[White "Pehl, Ferenc"]
[Black "Talbot, Albert"]
[Result "1-0"]
[WhiteElo "966"]
[BlackElo "917"]
[PlyCount "119"]
[EventDate "2015.03.10"]
[EventType "tourn (corr)"]
[EventRounds "6"]
[EventCountry "GER"]
[SourceTitle "Corr 2022"]
[Source "ChessBase"]
[SourceDate "2021.10.24"]
[SourceVersion "1"]
[SourceVersionDate "2021.10.24"]
[SourceQuality "1"]

1. e4 c5 2. Nf3 Nc6 3. d4 cxd4 4. Nxd4 d6 5. Nxc6 bxc6 6. Bd3 Nf6 7. 0-0 g6 8. h3 Bg7 9. Nc3 0-0 10. Re1 a6 11. Bd2 Bd7 12. Rb1 h6 13. Qc1 Kh7 14. b3 Ng8 15. Na4 Be6 16. Bc3 Bxc3 17. Nxc3 Nf6 18. Qb2 c5 19. Rbd1 Ng8 20. Nd5 Bxd5 21. exd5 Qd7 22. c4 Nf6 23. Re3 Rae8 24. Rde1 a5 25. Qa3 Qc7 26. g3 Ng8 27. Kg2 h5 28. f4 f5 29. Qa4 Kg7 30. Re6 Qd8 31. Qc6 Nf6 32. Qb7 Rf7 33. Kf3 Ne4 34. Bxe4 fxe4+ 35. Kxe4 Qa8 36. Qxa8 Rxa8 37. Kd3 Re8 38. Kc3 Kh7 39. Rxd6 exd6 40. Rxe8 Ra7 41. Re6 Ra6 42. g4 hxg4 43. hxg4 Kg7 44. f5 gxf5 45. gxf5 Kf7 46. Kd3 Rb6 47. Kc3 Ra6 48. f6 Rb6 49. Re7+ Kxf6 50. Ra7 Ke5 51. Rxa5 Ke4 52. Ra8 Ke5 53. Re8+ Kf5 54. Re6 Ra6 55. Kb2 Kf4 56. a3 Rb6 57. a4 Kf5 58. Ka3 Kf4 59. a5 Ra6 60. Ka4 1-0

[Event "LSS No Engine Cup 128 Preliminary 0"]
[Site "LSS email"]
[Date "2015.03.25"]
[Round "?"]
[White "Talbot, Albert"]
[Black "Howell, David"]
[Result "1-0"]
[WhiteElo "1600"]
[BlackElo "1600"]
[PlyCount "41"]
[EventDate "2015.03.26"]
[EventType "tourn (corr)"]
[EventRounds "6"]
[EventCountry "GER"]
[SourceTitle "Corr 2022"]
[Source "ChessBase"]
[SourceDate "2021.10.24"]
[SourceVersion "1"]
[SourceVersionDate "2021.10.24"]
[SourceQuality "1"]

1. Nf3 Nc6 2. d4 d5 3. e3 a6 4. c4 Nf6 5. Nc3 e6 6. a3 b6 7. Bd2 Bd6 8. cxd5 exd5 9. Be2 h6 10. Na2 a5 11. 0-0 0-0 12. Nc3 Ne7 13. Nb5 Ne4 14. Nxd6 Qxd6 15. h3 Qg6 16. Ne5 Qd6 17. Bf3 Bf5 18. Bxe4 Bxe4 19. Bc3 f6 20. Nd3 Rac8 21. Qe2 1-0

[Event "LSS No Engine Cup 128 Preliminary 0"]
[Site "LSS email"]
[Date "2015.03.25"]
[Round "?"]
[White "Talbot, Albert"]
[Black "Kolanek, Roman"]
[Result "0-1"]
[WhiteElo "1600"]
[BlackElo "2253"]
[PlyCount "80"]
[EventDate "2015.03.26"]
[EventType "tourn (corr)"]
[EventRounds "6"]
[EventCountry "GER"]
[SourceTitle "Corr 2022"]
[Source "ChessBase"]
[SourceDate "2021.10.24"]
[SourceVersion "1"]
[SourceVersionDate "2021.10.24"]
[SourceQuality "1"]

1. Nf3 d5 2. d4 Nf6 3. e3 e6 4. c3 Bd6 5. Be2 0-0 6. Nbd2 b6 7. h3 c5 8. c4 Nc6 9. Nb3 cxd4 10. Nfxd4 Nxd4 11. exd4 dxc4 12. Bxc4 Bb7 13. 0-0 Bc7 14. Be3 Nd5 15. Nd2 Qd6 16. Nf3 Nc3 17. Qd2 Bxf3 18. Bf4 Qxf4 19. Qxf4 Bxf4 20. gxf3 Nd5 21. Rfd1 Rac8 22. Be2 Rc2 23. Bf1 Nc3 24. bxc3 Rxc3 25. Kg2 Rd8 26. Be2 Rc2 27. Bd3 Rb2 28. Be4 f5 29. Bc6 Be3 30. Rf1 Bxd4 31. a4 Bc5 32. f4 Rd4 33. Kg3 Bd6 34. Kg2 Rxf4 35. Rad1 Bc5 36. Rd8+ Kf7 37. Kg3 g5 38. Rd7+ Kf6 39. f3 h5 40. Rd3 h4# 0-1

[Event "RN-2015-0-00947"]
[Site "LSS email"]
[Date "2015.03.24"]
[Round "?"]
[White "Evtyugin, Yury Alekseevich"]
[Black "Talbot, Albert"]
[Result "1-0"]
[WhiteElo "974"]
[BlackElo "917"]
[PlyCount "107"]
[EventDate "2015.03.17"]
[EventType "tourn (corr)"]
[EventRounds "6"]
[EventCountry "GER"]
[SourceTitle "Corr 2022"]
[Source "ChessBase"]
[SourceDate "2021.10.24"]
[SourceVersion "1"]
[SourceVersionDate "2021.10.24"]
[SourceQuality "1"]

1. Nf3 d5 2. d4 c6 3. g3 Bg4 4. Bg2 Nf6 5. 0-0 e6 6. Bg5 h6 7. Bxf6 Qxf6 8. c3 Bd6 9. Nbd2 Nd7 10. h3 Bxf3 11. Nxf3 0-0 12. Qd3 Rfe8 13. e4 dxe4 14. Qxe4 Rab8 15. Rfe1 Nb6 16. b3 Nd5 17. c4 Bb4 18. cxd5 cxd5 19. Qe5 Bxe1 20. Rxe1 Qxe5 21. Nxe5 Red8 22. Bf1 Rbc8 23. Bd3 Rc7 24. Kg2 a6 25. b4 b5 26. Kf1 Rd6 27. Ke2 Kf8 28. f4 Rc3 29. Kd2 Ra3 30. Ra1 Ke7 31. Kc2 g6 32. Kb2 Ra4 33. a3 g5 34. fxg5 hxg5 35. Rf1 f6 36. Nf3 Rc6 37. Nd2 Rb6 38. Bc2 Rxb4+ 39. axb4 Rb7 40. Re1 Kd6 41. Nb3 Rh7 42. Rh1 Rh8 43. Na5 Kc7 44. h4 gxh4 45. Rxh4 Rg8 46. g4 Rg7 47. Rh7 Rxh7 48. Bxh7 Kd6 49. Kc3 Kc7 50. Kd3 Kd6 51. Nb7+ Kc6 52. Nc5 Kd6 53. Nxa6 Kc6 54. Bg8 1-0

[Event "RN-2015-0-00934"]
[Site "LSS email"]
[Date "2015.03.01"]
[Round "?"]
[White "Talbot, Albert"]
[Black "Bester, Kazimierz"]
[Result "1-0"]
[WhiteElo "908"]
[BlackElo "767"]
[PlyCount "119"]
[EventDate "2015.02.22"]
[EventType "tourn (corr)"]
[EventRounds "6"]
[EventCountry "GER"]
[SourceTitle "Corr 2022"]
[Source "ChessBase"]
[SourceDate "2021.10.24"]
[SourceVersion "1"]
[SourceVersionDate "2021.10.24"]
[SourceQuality "1"]

1. d4 e6 2. Nf3 Nc6 3. c3 Nf6 4. Bg5 Be7 5. Nbd2 h6 6. Bxf6 gxf6 7. e3 b6 8. Be2 Bb7 9. Qc2 d5 10. h3 Qd6 11. 0-0 0-0-0 12. a3 Rdg8 13. Nh2 f5 14. f4 Bh4 15. Ndf3 Bg3 16. Ne5 Nxe5 17. fxe5 Qe7 18. Bf3 Qg5 19. Qd2 Bxh2+ 20. Kxh2 Qg3+ 21. Kh1 h5 22. Rg1 Kb8 23. Qe2 Qh4 24. b4 f6 25. exf6 Qxf6 26. Rac1 h4 27. Qb5 c6 28. Qd3 Qe7 29. c4 Rd8 30. c5 b5 31. Ra1 a6 32. a4 Kc7 33. axb5 axb5 34. Qa3 Ra8 35. Qb2 Rxa1 36. Rxa1 Qg5 37. Qd2 Rb8 38. Kg1 Kc8 39. Kf1 Qg3 40. Qe2 Qh2 41. Qf2 Qg3 42. Qxg3 hxg3 43. h4 Kc7 44. h5 Kd7 45. Ke2 Ke7 46. Kd2 Kf7 47. Kc2 Kg7 48. Rh1 Kh6 49. Rh3 Rg8 50. Rh4 Bc8 51. Rh1 Bd7 52. Ra1 Rg7 53. Ra8 Kg5 54. Rh8 Kh4 55. h6 Rf7 56. h7 Rg7 57. Kd3 Kg5 58. Rg8 Kh6 59. h8Q+ Rh7 60. Qf6# 1-0

[Event "RN-2015-0-00909"]
[Site "LSS email"]
[Date "2015.01.12"]
[Round "?"]
[White "Talbot, Albert"]
[Black "Meljnikova, Ekaterina"]
[Result "0-1"]
[WhiteElo "987"]
[BlackElo "800"]
[PlyCount "56"]
[EventDate "2015.01.05"]
[EventType "tourn (corr)"]
[EventRounds "6"]
[EventCountry "GER"]
[SourceTitle "Corr 2022"]
[Source "ChessBase"]
[SourceDate "2021.10.24"]
[SourceVersion "1"]
[SourceVersionDate "2021.10.24"]
[SourceQuality "1"]

1. Nf3 Nf6 2. d4 e6 3. c4 b6 4. e3 Bb7 5. Nc3 d5 6. Be2 Bd6 7. 0-0 Nbd7 8. a3 0-0 9. cxd5 exd5 10. Bd2 Re8 11. h3 c5 12. Nb5 Bb8 13. b3 Ne4 14. a4 a6 15. Nc3 Ndf6 16. Bd3 cxd4 17. Nxd4 Qc7 18. f4 Nxc3 19. Qc2 Nce4 20. Qxc7 Bxc7 21. Bxe4 Nxe4 22. Bc1 Rac8 23. Rf3 Bd6 24. Bb2 Bb4 25. Kf1 Nd2+ 26. Ke2 Nxf3 27. Nxf3 Rc2+ 28. Kf1 Rxb2 0-1

[Event "RN-2014-0-00897"]
[Site "LSS email"]
[Date "2014.12.26"]
[Round "?"]
[White "Vontina, Maria"]
[Black "Talbot, Albert"]
[Result "1-0"]
[WhiteElo "612"]
[BlackElo "765"]
[PlyCount "68"]
[EventDate "2014.12.19"]
[EventType "tourn (corr)"]
[EventRounds "6"]
[EventCountry "GER"]
[SourceTitle "Corr 2015"]
[Source "ChessBase"]
[SourceDate "2015.07.17"]
[SourceVersion "1"]
[SourceVersionDate "2015.07.17"]
[SourceQuality "1"]

1. e4 c5 2. Nf3 Nc6 3. d4 cxd4 4. Nxd4 d6 5. Nc3 Nf6 6. Bg5 g6 7. Be2 Bg7 8. 0-0 0-0 9. a3 h6 10. Bh4 Nxd4 11. Qxd4 Bg4 12. f3 Be6 13. Rad1 Qb6 14. Qxb6 axb6 15. Bf2 Nd7 16. Be3 Rac8 17. Bd4 Bxd4+ 18. Rxd4 Ne5 19. Rfd1 Nc4 20. Bxc4 Rxc4 21. Rxc4 Bxc4 22. Nd5 Bxd5 23. Rxd5 Rc8 24. c3 Rc5 25. Rd1 b5 26. Kf2 b6 27. Ke3 Kg7 28. Rd4 Kf6 29. Kd3 e5 30. Rb4 Ke6 31. c4 bxc4+ 32. Rxc4 f5 33. b4 fxe4+ 34. fxe4 g5 1-0

[Event "OP-2014-0-03598"]
[Site "LSS email"]
[Date "2014.12.25"]
[Round "?"]
[White "Cimicki, Dariusz"]
[Black "Talbot, Albert"]
[Result "1-0"]
[WhiteElo "2256"]
[BlackElo "800"]
[PlyCount "23"]
[EventDate "2014.12.22"]
[EventType "tourn (corr)"]
[EventRounds "4"]
[EventCountry "GER"]
[SourceTitle "Corr 2022"]
[Source "ChessBase"]
[SourceDate "2021.10.24"]
[SourceVersion "1"]
[SourceVersionDate "2021.10.24"]
[SourceQuality "1"]

1. e4 c5 2. Nf3 d6 3. d4 cxd4 4. Nxd4 Nc6 5. Nc3 Nf6 6. Bc4 g6 7. Nxc6 bxc6 8. e5 Nh5 9. Qf3 d5 10. Nxd5 Be6 11. Nb4 Qa5 12. Qxc6+ 1-0

[Event "OP-2014-0-03598"]
[Site "LSS email"]
[Date "2014.12.25"]
[Round "?"]
[White "Talbot, Albert"]
[Black "Elski, Marek"]
[Result "0-1"]
[WhiteElo "800"]
[BlackElo "800"]
[PlyCount "44"]
[EventDate "2014.12.22"]
[EventType "tourn (corr)"]
[EventRounds "4"]
[EventCountry "GER"]
[SourceTitle "Corr 2022"]
[Source "ChessBase"]
[SourceDate "2021.10.24"]
[SourceVersion "1"]
[SourceVersionDate "2021.10.24"]
[SourceQuality "1"]

1. Nf3 Nf6 2. d4 d5 3. e3 Bg4 4. Be2 Nc6 5. h3 Bf5 6. Nc3 e6 7. a3 a6 8. Bd2 Bd6 9. Na2 0-0 10. Bb4 Nxb4 11. Nxb4 c5 12. dxc5 Bxc5 13. Bd3 Ne4 14. 0-0 Qb6 15. Rb1 h6 16. Qe2 Bd6 17. Nh4 Bh7 18. Rfd1 f5 19. c4 f4 20. cxd5 fxe3 21. Qxe3 Bc5 22. Qe2 Bxf2+ 0-1

[Event "RN-2014-0-00897"]
[Site "LSS email"]
[Date "2014.12.25"]
[Round "?"]
[White "Talbot, Albert"]
[Black "Lenz, Juergen"]
[Result "1-0"]
[WhiteElo "765"]
[BlackElo "905"]
[PlyCount "97"]
[EventDate "2014.12.19"]
[EventType "tourn (corr)"]
[EventRounds "6"]
[EventCountry "GER"]
[SourceTitle "Corr 2015"]
[Source "ChessBase"]
[SourceDate "2015.07.17"]
[SourceVersion "1"]
[SourceVersionDate "2015.07.17"]
[SourceQuality "1"]

1. d4 Nf6 2. Nf3 c5 3. e3 b6 4. c3 Bb7 5. Be2 e6 6. Nbd2 Be7 7. Nc4 d5 8. Nce5 0-0 9. c4 cxd4 10. exd4 Bb4+ 11. Bd2 Bxd2+ 12. Qxd2 Ne4 13. Qe3 f6 14. cxd5 exd5 15. Nd3 Re8 16. Qc1 Nc6 17. 0-0 Rc8 18. Qe1 Qd6 19. Rc1 Ne7 20. Rxc8 Bxc8 21. Qb1 Bf5 22. Rd1 g5 23. h3 h5 24. Nh2 Bg6 25. Bf3 Nf5 26. a3 Nxd4 27. Bxe4 dxe4 28. Nb4 Qe5 29. Qa2+ Kg7 30. Qd5 Qxd5 31. Nxd5 Nb3 32. Nc3 Re7 33. Nf1 f5 34. g3 Bf7 35. Ne3 Kg6 36. Kf1 Nc5 37. Ke2 f4 38. gxf4 gxf4 39. Ned5 Bxd5 40. Nxd5 Rf7 41. Nc3 Kf5 42. Rd5+ Kg6 43. h4 Rf5 44. Rd6+ Rf6 45. Rd5 a5 46. b4 axb4 47. axb4 Nd3 48. Nxe4 Nxb4 49. Rg5+ 1-0

[Event "RN-2014-0-00897"]
[Site "LSS email"]
[Date "2014.12.25"]
[Round "?"]
[White "Talbot, Albert"]
[Black "Lyzhvar, Vasyl"]
[Result "1/2-1/2"]
[WhiteElo "765"]
[BlackElo "979"]
[PlyCount "42"]
[EventDate "2014.12.19"]
[EventType "tourn (corr)"]
[EventRounds "6"]
[EventCountry "GER"]
[SourceTitle "Corr 2015"]
[Source "ChessBase"]
[SourceDate "2015.07.17"]
[SourceVersion "1"]
[SourceVersionDate "2015.07.17"]
[SourceQuality "1"]

1. Nf3 c5 2. c4 Nc6 3. e3 e5 4. d3 g6 5. Nc3 Bg7 6. h3 Nge7 7. Be2 0-0 8. a3 f5 9. 0-0 d5 10. cxd5 Nxd5 11. Nxd5 Qxd5 12. Rb1 e4 13. dxe4 Qxe4 14. Bd3 Qe8 15. Bc4+ Kh8 16. Bd2 Be6 17. Bxe6 Qxe6 18. Ng5 Qe7 19. Nf3 Rad8 20. Qc2 Rd5 21. Bc3 Bxc3 1/2-1/2

[Event "OP-2013-0-02638"]
[Site "LSS email"]
[Date "2013.02.11"]
[Round "?"]
[White "Guaimare Rodriguez, Carlos Luis"]
[Black "Talbot, Albert"]
[Result "1-0"]
[WhiteElo "976"]
[BlackElo "800"]
[PlyCount "38"]
[EventDate "2013.02.09"]
[EventType "tourn (corr)"]
[EventRounds "4"]
[EventCountry "GER"]
[SourceTitle "Corr 2015"]
[Source "ChessBase"]
[SourceDate "2015.07.17"]
[SourceVersion "1"]
[SourceVersionDate "2015.07.17"]
[SourceQuality "1"]

1. c4 e5 2. g3 Nc6 3. Bg2 Nf6 4. Nf3 d6 5. 0-0 Bd7 6. Nc3 Be7 7. d4 exd4 8. Nxd4 0-0 9. Bg5 h6 10. Bc1 Nh7 11. e4 Bf6 12. Be3 Ng5 13. Rc1 Nxd4 14. Bxd4 Bxd4 15. Qxd4 Bc6 16. Nd5 Qd7 17. b4 Bxd5 18. cxd5 a6 19. f4 Nh7 1-0